Los tres enigmas de exégesis evangélica (Record no. 140568)

MARC details
000 -LEADER
campo de control de longitud fija 00661nam a2200157 4500
001 - NÚMERO DE CONTROL
campo de control 140568
003 - IDENTIFICADOR DE NÚMERO DE CONTROL
campo de control ES-MaACL
005 - FECHA Y HORA DE LA ÚLTIMA TRANSACCIÓN
campo de control 20230906200115.0
007 - CAMPO FIJO DE DESCRIPCIÓN FÍSICA--INFORMACIÓN GENERAL
campo de control de longitud fija t|
008 - DATOS DE LONGITUD FIJA--INFORMACIÓN GENERAL
campo de control de longitud fija 070214s1954 sp r ||||1| spa d
100 1# - ENTRADA PRINCIPAL--NOMBRE DE PERSONA
Nombre de persona Seijo y de Zarrandicoechea, Gabino de.
9 (RLIN) 105266
245 14 - MENCIÓN DEL TÍTULO
Título Los tres enigmas de exégesis evangélica
Resto del título : entre las dos tardes : la celebración de la Pascua y la institución de la Eucaristía /
Mención de responsabilidad, etc. Sabino de Seijo y de Zarrandicoechea.
260 ## - PUBLICACIÓN, DISTRIBUCIÓN, ETC.
Lugar de publicación, distribución, etc. Bilbao :
Nombre del editor, distribuidor, etc. [s. n.],
Fecha de publicación, distribución, etc. 1954 (
Fabricante Escuelas Gráficas de la Santa Casa de Misericordia)
300 ## - DESCRIPCIÓN FÍSICA
Extensión 132 p., 1 lám. :
Otras características físicas il. ;
Dimensiones 17 cm +
Material acompañante/anejo 5 gráf. pleg.
852 ## - LOCALIZACIÓN
Ubicación ES-MaACL
Número de control de estantería C-10108
Sublocalización o colección R.37179
Holdings
Estatus retirado Estado de pérdida Estado de daño No para préstamo Biblioteca de origen Biblioteca actual Ubicación en estantería Fecha de adquisición Fuente de adquisición Total de préstamos Signatura topográfica completa Código de barras Visto por última vez Precio de reemplazo Tipo de ítem Koha
        Biblioteca del Ateneo de Madrid Biblioteca del Ateneo de Madrid Sala Palomar 17/01/2008     C-10108 1146277 23/02/2023 23/02/2023 Libro impreso